जागनी: विश्व धर्म सद्भाव को समर्पित शोध - पत्रिका: 2007 (Record no. 1234537)
[ view plain ]
| 000 -LEADER | |
|---|---|
| fixed length control field | 00803nam a2200229Ia 4500 |
| 005 - DATE AND TIME OF LATEST TRANSACTION | |
| control field | 20250108124757.0 |
| 008 - FIXED-LENGTH DATA ELEMENTS--GENERAL INFORMATION | |
| fixed length control field | 008 250107s9999 xx 000 0 hin d |
| 020 ## - INTERNATIONAL STANDARD BOOK NUMBER | |
| International Standard Book Number | 978-981-122-303-7 |
| 037 ## - SOURCE OF ACQUISITION | |
| Stock number | TB |
| 040 ## - CATALOGING SOURCE | |
| Original cataloging agency | CRL |
| Language of cataloging | hin |
| Transcribing agency | CRL |
| 041 ## - LANGUAGE CODE | |
| Language code of text/sound track or separate title | hin |
| Source of code | hin |
| 084 ## - COLON CLASSIFICATION NUMBER | |
| Classification number | W:5.2 R2 |
| 084 ## - COLON CLASSIFICATION NUMBER | |
| Assigning agency | CRL |
| 100 ## - MAIN ENTRY--PERSONAL NAME | |
| Personal name | मेहता, विमला, ले. |
| 245 #0 - TITLE STATEMENT | |
| Title | जागनी: विश्व धर्म सद्भाव को समर्पित शोध - पत्रिका: 2007 |
| Statement of responsibility, etc. | मेहता, विमला, ले. |
| 260 ## - PUBLICATION, DISTRIBUTION, ETC. | |
| Place of publication, distribution, etc. | दिल्ली, भारत |
| Name of publisher, distributor, etc. | श्री प्राणनाथ मिशन |
| Date of publication, distribution, etc. | 2149 |
| 300 ## - PHYSICAL DESCRIPTION | |
| Extent | 159पृ0 |
| 365 ## - TRADE PRICE | |
| Price type code | INR |
| Price amount | 0 |
| 650 ## - SUBJECT ADDED ENTRY--TOPICAL TERM | |
| Topical term or geographic name entry element | धर्म |
| 942 ## - ADDED ENTRY ELEMENTS (KOHA) | |
| Koha item type | Textbook |
| Classification part | W:5.2 R2 |
| Withdrawn status | Lost status | Damaged status | Not for loan | Home library | Current library | Date acquired | Source of acquisition | Total Checkouts | Full call number | Barcode | Date last seen | Date last checked out | Price effective from | Koha item type |
|---|---|---|---|---|---|---|---|---|---|---|---|---|---|---|
| Central Library | Arts Library | 2025-01-08 | Gift, 18/11/2022, | 1 | Q29K2 152P7 | CL1698130 | 2026-03-19 | 2026-03-14 | 2025-01-08 | Textbook |
